000 00392nam a2200121Ia 4500
008 201002s9999 xx 000 0 und d
020 _a978-043-108-170-0
100 _aHensley, Laura J.
245 _cLaura J. Hensley
_aF. Scott Fitzgerald's the great gatsby/
260 _aLondon:
_bHarcourt Education Ltd.
_c2007
300 _a56 pages
_c22 cm.
650 _aGreat Gatsby (Fitzgerald, F. Scott)
999 _c364687
_d364687